| 000 | 00652nam a22001937a 4500 | ||
|---|---|---|---|
| 003 | OSt | ||
| 005 | 20250812115142.0 | ||
| 008 | 250812b |||ao||| |||| 00| 0 spa d | ||
| 037 | _bDonación | ||
| 040 |
_aCO-JMCR _bspa _cCO-JMCR _dCO-JMCR _erda |
||
| 041 | 0 | _aspa | |
| 082 | 0 | 4 |
_223 _a338.175 _bC71 |
| 245 | 0 | 0 |
_aColombian grown : _bthe finest quality cut flowers in the world / |
| 264 |
_a[Bogotá] : _bDiseño Editorial : _bColombia Land of Flowers, _c2008. |
||
| 300 |
_a207 páginas : _bilustraciones, fotografías ; _c29 cm. |
||
| 650 | 2 | 4 |
_2JMCR _aExportación _zColombia _944257 |
| 650 | 2 | 4 |
_2JMCR _aFloricultura _zColombia _944258 |
| 942 |
_2ddc _cBK |
||
| 999 |
_c31061 _d17445 |
||